| 000 | 00781naa a2200229 i 4500 | ||
|---|---|---|---|
| 001 | 10090 | ||
| 003 | ES-MaBCM | ||
| 005 | 20241016091425.0 | ||
| 008 | 870605s1983 esp 000 0 spa d | ||
| 021 | _axx | ||
| 035 | _a(OCoLC)1365265758 | ||
| 040 | _cES-MaBCM | ||
| 041 | 0 | _aspa | |
| 043 | _aesp | ||
| 100 | 1 |
_aChoza, Jacinto _99792 |
|
| 245 | 1 | 0 |
_aCambio sociocultural y acción política en el problema de los regionalismos _cJacinto Choza |
| 520 | _aLa configuración del binomio nación-Estado. El problema del regionalismo como búsqueda de la identidad colectiva. Alcance y límites de la acción política | ||
| 650 | 2 | 7 |
_aRegionalismo _960053 |
| 651 | 2 | 4 |
_aEspaña _9115342 |
| 773 | 0 |
_aEn: _tRevista de estudios políticos _dMadrid : 1983 _w104532 |
|
| 942 | _cAREV | ||
| 999 |
_c10090 _d10090 |
||